Alle Länder Europas - Statistiken

Allgemein
  • Dieses Quiz wurde 74 mal gespielt
    37 seit der letzten Aktualisierung
  • Das Durchschnittsergebnis liegt bei 38 aus 45
Antwortstatistiken
Antwort % Korrekt
Belgien
97%
Niederlande
97%
Portugal
97%
Spanien
97%
Deutschland
93%
Estland
93%
Frankreich
93%
Lettland
93%
Litauen
93%
Norwegen
93%
Russland
93%
San Marino
93%
Serbien
93%
Slowakei
93%
Slowenien
93%
Ukraine
93%
Irland
90%
Luxemburg
90%
Polen
90%
Schweden
90%
Schweiz
90%
Vereinigtes Königreich
90%
Albanien
87%
Belarus
87%
Finnland
87%
Griechenland
87%
Österreich
87%
Tschechien
87%
Dänemark
83%
Island
83%
Italien
83%
Kroatien
83%
Moldawien
83%
Monaco
83%
Andorra
80%
Bosnien und Herzegowina
80%
Montenegro
80%
Ungarn
80%
Kosovo
77%
Rumänien
77%
Liechtenstein
73%
Nordmazedonien
70%
Türkei
67%
Bulgarien
63%
Vatikanstaat
27%
Keine übereinstimmenden Quizze gefunden
Verteilung der Resultate
Anzahl Personen mit jedem Resultat
Perzentil nach korrekt beantworteten Fragen
Ihre Resultats-Entwicklung
Sie haben dieses Quiz seit der letzten Aktualisierung nicht gespielt